Homenatge a Pau Casals en el seu 95e. aniversari (Record no. 80563)

MARC details
000 -LEADER
campo de control de longitud fija 00654nam a2200193 i 4500
001 - NÚMERO DE CONTROL
campo de control 80563
003 - IDENTIFICADOR DE NÚMERO DE CONTROL
campo de control ES-MaACL
005 - FECHA Y HORA DE LA ÚLTIMA TRANSACCIÓN
campo de control 20251210185412.0
007 - CAMPO FIJO DE DESCRIPCIÓN FÍSICA--INFORMACIÓN GENERAL
campo de control de longitud fija t|
008 - DATOS DE LONGITUD FIJA--INFORMACIÓN GENERAL
campo de control de longitud fija 041028s1971 sp ||||1| cat d
245 00 - MENCIÓN DEL TÍTULO
Título Homenatge a Pau Casals en el seu 95e. aniversari
Resto del título : 29 desembre 1876, Nadal del 1971 /
Mención de responsabilidad, etc. Lluis Carulla, Maria Font i fills.
260 ## - PUBLICACIÓN, DISTRIBUCIÓN, ETC.
Lugar de publicación, distribución, etc. [Barcelona :
Nombre del editor, distribuidor, etc. Lluis Carulla i Canals,
Fecha de publicación, distribución, etc. 1971]
300 ## - DESCRIPCIÓN FÍSICA
Extensión 104 p., 2 lám. :
Otras características físicas il. ;
Dimensiones 24 cm.
700 1# - ENTRADA AGREGADA--NOMBRE PERSONAL
Nombre de persona Casals, Pau,
Fechas asociadas al nombre 1876-1973
9 (RLIN) 36074
700 0# - ENTRADA AGREGADA--NOMBRE PERSONAL
Nombre de persona Carulla i Canals, Lluis.
9 (RLIN) 35916
700 1# - ENTRADA AGREGADA--NOMBRE PERSONAL
Nombre de persona Font, María.
9 (RLIN) 51545
852 ## - LOCALIZACIÓN
Ubicación ES-MaACL
Número de control de estantería C-43101
Sublocalización o colección R.80202
Holdings
Estatus retirado Estado de pérdida Estado de daño No para préstamo Biblioteca de origen Biblioteca actual Ubicación en estantería Fecha de adquisición Fuente de adquisición Total de préstamos Signatura topográfica completa Código de barras Visto por última vez Precio de reemplazo Tipo de ítem Koha
        Biblioteca del Ateneo de Madrid Biblioteca del Ateneo de Madrid Depósito 2 17/01/2008     C-43101 1084230 23/02/2023 23/02/2023 Libro impreso